000 01001nam a22003137a 4500
003 CHAP
005 20220329143304.0
008 080215d2006 cl r 00110 spa d
010 _a94456
011 _a95428
020 _a9588060613
035 _a106054
040 _cCHAP
082 0 4 _a512.897
_bB4
100 1 _aBernal Calderón, Gloria Inés.
_911883
245 1 0 _aÁlgebra lineal
_c/por Gloria Inés Bernal Calderón
260 _aBogotá :
_bEscuela Colombiana de Ingenería,
_c2006
300 _aviii, 412 p. :
_bilus.
490 _aColección de matemáticas
590 _aBATCH-UPD
_b10
_c20130110
_lUCH01
_h0640
590 _aBATCH-UPD
_b10
_c20130410
_lUCH01
_h0325
590 _aBATCH-UPD
_b10
_c20130914
_lUCH01
_h0609
590 _aCONVERSION
_b10
_c20130109
_lUCH01
_h1352
650 1 4 _aÁlgebra lineal.
_982392
830 _aColección de matemáticas
_924804
901 _aBK
942 _cLIBRO
949 _a512.897 B4
_bBC
_cLIBRO
_d33724002048710
_eLIBRO
_h108967
_i106054
_si
_t$295.65
999 _c94456
_d94456